000 00656nam a2200205 a 4500
001 000031050
003 DO-SdBNP
005 20180328111238.0
007 000031050
008 110613s20uu dr a 000 0 spa d
040 _aBPMET
_bspa
_cBPMET
092 _axxxx
_bR744
245 0 3 _aEl rol de las asociaciones de padres, madres y amigos/ as de la escuela (APMAES).
260 _aSanto Domingo :
_bCentro de Solidaridad para el Desarrollo de la Mujer (CE-MUJER),
_c[2009].
300 _a20 p. :
_bil. ;
_c29 cm.
504 _aBibliografía : p.20
942 _2ddc
_cBK
945 _aInventariado / 2018 VM
956 _aVMATEO
_b10
_c20150505
_lBPMSU
_h00151
999 _c7799
_d7799